000 00620nam a22002057a 4500
999 _c13405
_d13405
003 AR-CdUCM
008 190415b ||||| |||| 00| 0 spa d
040 _aMUNICIPALIDAD PROVINCIAL DEL CUSCO
_cBIBLIOTECA MUNICIPAL DEL CUSCO
082 _a398 /
_bS19 / 1924
100 _aSamanez, Juan Guillermo
_931816
245 _aCcapac Ilacctan carcca :
_bApuntes del floklore peruano /
260 _aLima :
_c1924.
300 _a213 paginas ;
_c21 cm.
505 _aContenido :Ensayos /
650 _aEnsayos
_9375
650 _aFolclore
_93233
650 _aPeru
_9429
942 _2ddc
_cLIBROS
945 _arjall
_d2019-04-15